Court of Appeal Civil Appeal No. 15 OF 2007 Meera Investment Limited Vs The Commissioner General, URA (Record no. 3380)
[ view plain ]
| 000 -LEADER | |
|---|---|
| fixed length control field | 01052nam a22001577a 4500 |
| 008 - FIXED-LENGTH DATA ELEMENTS--GENERAL INFORMATION | |
| fixed length control field | 110620t xxu||||| |||| 00| 0 eng d |
| 010 ## - LIBRARY OF CONGRESS CONTROL NUMBER | |
| LC control number | CACAF66 |
| 245 ## - TITLE STATEMENT | |
| Title | Court of Appeal Civil Appeal No. 15 OF 2007 Meera Investment Limited Vs The Commissioner General, URA |
| 260 ## - PUBLICATION, DISTRIBUTION, ETC. (IMPRINT) | |
| Date of publication, distribution, etc | 2007 |
| 500 ## - GENERAL NOTE | |
| General note | Coram: Hon. Justice L.E.M. Mukasa-Kikonyogo, DCJ<br/> Hon. Justice G.M. Okello, JA<br/> Hon. Justice A. Twinomujuni, JA |
| 500 ## - GENERAL NOTE | |
| General note | Appeal from the ruling and orders of the High Court Egonda-Ntende at Kampala dated 28th February 2007 in High Court Miscellaneous Applications No. 218 of 2006 arising from HCCS No. 185 of 2006 |
| Withdrawn status | Lost status | Source of classification or shelving scheme | Damaged status | Koha normalized classification for sorting | Not for loan | Location (home branch) | Sublocation or collection (holding branch) | Shelving location | Date acquired | Koha issues (times borrowed) | Koha full call number | Piece designation (barcode) | Koha date last seen | Price effective from | Koha item type |
|---|---|---|---|---|---|---|---|---|---|---|---|---|---|---|---|
| Dewey Decimal Classification | CACA_F_66 | Law Development Centre Main Library | Law Development Centre Main Library | Law Reports | 06/20/2011 | CACA F_66 | 15/2007/01 | 06/20/2011 | 06/20/2011 | Un Reported Cases | |||||
| Dewey Decimal Classification | CACA_F_66 | Law Development Centre Main Library | Law Development Centre Main Library | Law Reports | 06/20/2011 | CACA F_66 | 15/2007/02 | 06/20/2011 | 06/20/2011 | Un Reported Cases | |||||
| Dewey Decimal Classification | CACA_F_66 | Law Development Centre Main Library | Law Development Centre Main Library | Law Reports | 06/20/2011 | CACA F_66 | 15/2007/03 | 06/20/2011 | 06/20/2011 | Un Reported Cases | |||||
| Dewey Decimal Classification | CACA_F_66 | Law Development Centre Main Library | Law Development Centre Main Library | Law Reports | 06/20/2011 | CACA F_66 | 15/2007/04 | 06/20/2011 | 06/20/2011 | Un Reported Cases |
